000 00307 a2200145 4500
001 150547
040 _cEscola São Tomás de Aquino
100 _aDAVIDSON, Alice Joyce
240 1 0 _aPai nosso
_lpor
245 1 0 _aPai nosso
362 0 _a1990
440 1 _aPaulinas
697 _aRELIGIÃO
942 _cBK
999 _c150547
_d150547